Даосские практики улучшения зрения (Запись № 9991652)

Подробности
000 -МАРКЕР
контрольное поле 01540nam0a2200349 i 4500
001 - ИДЕНТИФИКАТОР ЗАПИСИ
контрольное поле RU\NLR\BIBL_A\010463953
005 - ИДЕНТИФИКАТОР ВЕРСИИ
контрольное поле 20260406155824.0
010 ## - МЕЖДУНАРОДНЫЙ СТАНДАРТНЫЙ НОМЕР КНИГИ (ISBN)
Номер (ISBN) 9785906686916
Тираж 4000
021 ## - НОМЕР ГОСУДАРСТВЕННОЙ РЕГИСТРАЦИИ
Код страны российская федерация
Номер 2014-51576
Номер Листа государственной регистраци 3124
035 ## - ДРУГИЕ СИСТЕМНЫЕ НОМЕРА
Идентификатор записи (NLR Aleph) 010463953
100 ## - ДАННЫЕ ОБЩЕЙ ОБРАБОТКИ
Данные общей обработки 20140919d2014 um y0rusy50 ca
101 1# - ЯЗЫК РЕСУРСА
Язык текста, звукозаписи и т.д. русский
Язык оригинала английский
102 ## - СТРАНА ПУБЛИКАЦИИ ИЛИ ПРОИЗВОДСТВА
Страна публикации российская федерация
105 ## - ПОЛЕ КОДИРОВАННЫХ ДАННЫХ: ТЕКСТОВЫЕ МАТЕРИАЛЫ, МОНОГРАФИЧЕСКИЕ
Кодированные данные о монографическом текстовом документе a|||z||||00yy
200 1# - ЗАГЛАВИЕ И СВЕДЕНИЯ ОБ ОТВЕТСТВЕННОСТИ
Основное заглавие Даосские практики улучшения зрения
Первые сведения об ответственности Мантэк Чиа, Роберт Левански
Последующие сведения об ответственности [пер. с англ. Л. Милевской]
210 ## - ПУБЛИКАЦИЯ, РАСПРОСТРАНЕНИЕ И ДР.
Место издания, распространения и т.д. Москва
Имя издателя, распространителя и т. д. София
Дата издания, распространения и т.д. 2014
215 ## - ФИЗИЧЕСКАЯ ХАРАКТЕРИСТИКА
Специфическое обозначение материала и объем 252, [1] с.
Другие сведения о физической характеристике ил.
Размеры 21
300 ## - ОБЩИЕ ПРИМЕЧАНИЯ
Текст примечания На доп. тит. л. загл. и авт. на англ. яз.: The art of cocmic vision/ Мantak Chia, Robert T. Kewanski
300 ## - ОБЩИЕ ПРИМЕЧАНИЯ
Текст примечания На обл. авт.: Мантэк Чиа
513 1# - ЗАГЛАВИЕ НА ДОПОЛНИТЕЛЬНОМ ТИТУЛЬНОМ ЛИСТЕ
Связь между полями z73790
Заглавие на дополнительном титульном листе The art of cocmic vision/ Мantak Chia, Robert T. Lewanski
606 ## - НАИМЕНОВАНИЕ ТЕМЫ КАК ПРЕДМЕТ
Наименование темы Зрение
Формальный подзаголовок Популярные издания
Тематический подзаголовок Расстройства
-- Терапия методами китайской медицины
Системный номер авторитетной/нормативной записи 2114702
Идентификатор авторитетной/нормативной записи RU\NLR\AUTH\661581174
686 1# - ИНДЕКСЫ ДРУГИХ КЛАССИФИКАЦИЙ
Индекс Р670.2-5я9
686 1# - ИНДЕКСЫ ДРУГИХ КЛАССИФИКАЦИЙ
Индекс Р120.43я9
700 #1 - ИМЯ ЛИЦА - ПЕРВИЧНАЯ ОТВЕТСТВЕННОСТЬ
Материалы, к которым относится поле rus
Графика поля Кириллица
Начальный элемент ввода Чиа
Часть имени, кроме начального элемента ввода М.
Даты 1944-
Расширение инициалов личного имени Мантэк
Идентификатор авторитетной/нормативной записи RU\NLR\AUTH\777960
Системный номер авторитетной/нормативной записи 117882
701 #1 - ИМЯ ЛИЦА - АЛЬТЕРНАТИВНАЯ ОТВЕТСТВЕННОСТЬ
Начальный элемент ввода Левански
Часть имени, кроме начального элемента ввода Р.Т.
Расширение инициалов личного имени Роберт Т.
790 #1 - ИМЯ ЛИЦА - АЛЬТЕРНАТИВНАЯ ФОРМА
Материалы, к которым относится поле eng
Графика поля Латинская
Начальный элемент ввода Chia
Часть имени, кроме начального элемента ввода M.
Даты 1944-
Расширение инициалов личного имени Mantak
Идентификатор авторитетной/нормативной записи RU\NLR\AUTH\7750785
Системный номер авторитетной/нормативной записи 33719
790 #1 - ИМЯ ЛИЦА - АЛЬТЕРНАТИВНАЯ ФОРМА
Связь между полями z73
-- z73513
Начальный элемент ввода Lewanski
Часть имени, кроме начального элемента ввода R.T.
Расширение инициалов личного имени Robert T.
942 ## - ДОПОЛНИТЕЛЬНЫЕ ЭЛЕМЕНТЫ ЗАПИСИ (АБИС)
Тип экземпляра АБИС Книга
980 ## - КОЛЛЕКЦИЯ
Название коллекции НБР

Нет доступных экземпляров.